John Barclay his defence of the most holy sacrament of the Eucharist to the sectaries of the times : book II, chap. II /

Bibliographic Details
Main Author: Barclay, John, 1582-1621
Format: eBook
Language:English
Published: London : Printed by Mary Thompson and sold by Matthew Turner and John Lane, 1688.
Series:Early English books online.
Subjects:
Online Access:Connect to the full text of this electronic book

MARC

Tag First Indicator Second Indicator Subfields
LEADER 00000nam a2200000Ia 4500
001 in00004311925
005 20200812084028.0
006 m g d
007 cr bn |||a|bb|
008 840320s1688 enk o 00| | eng d
035 |a (OCoLC)10543588 
040 |a UMI  |c UMI  |d WaOLN 
037 |a CL0037000048  |b ProQuest Information and Learning. 300 N. Zeeb Rd., Ann Arbor, MI 48106 
041 1 |a eng  |h lat 
049 |a UMIA 
090 |a BX2220  |b .B37 
100 1 |a Barclay, John,  |d 1582-1621. 
245 1 0 |a John Barclay his defence of the most holy sacrament of the Eucharist to the sectaries of the times :  |b book II, chap. II /  |c Englished by a person of quality. 
260 |a London :  |b Printed by Mary Thompson and sold by Matthew Turner and John Lane,  |c 1688. 
300 |a 1 online resource (21 pages) 
336 |a text  |b txt  |2 rdacontent 
337 |a computer  |b c  |2 rdamedia 
338 |a online resource  |b cr  |2 rdacarrier 
500 |a Reproduction of original in the Harvard University Library. 
510 4 |a Wing  |c B715. 
533 |a Electronic reproduction.  |b Ann Arbor, Mich. :  |c UMI,  |d 1999-  |f (Early English books online)  |n Digital version of: (Early English books, 1641-1700 ; 1395:11)  |7 s1999 miun s 
650 0 |a Transubstantiation. 
650 0 |a Lord's Supper  |x Catholic Church. 
610 2 0 |a Catholic Church  |v Apologetic works. 
740 0 |a Defence of the most holy sacrament of the Eucharist to the sectaries of the times. 
830 0 |a Early English books online. 
856 4 0 |u http://proxy.library.tamu.edu/login?url=https://search.proquest.com/docview/2240878966  |z Connect to the full text of this electronic book  |t 0 
999 f f |s 62d722e8-bb52-36c6-9b7c-1294a3866cba  |i 1e6b2c27-7093-335f-86a8-a8f08cd05717  |t 0 
952 f f |a Texas A&M University  |b College Station  |c Electronic Resources  |d Available Online  |t 0  |e BX2220 .B37  |h Library of Congress classification 
998 f f |a BX2220 .B37  |t 0  |l Available Online